[Event "Santo Domingo La Raza op"]
[Site "Santo Domingo"]
[Date "2015.10.20"]
[Round "6"]
[White "Arias Diaz, Ernesto Antonio"]
[Black "Rosario Tejada, Angel Jose"]
[Result "1-0"]
[WhiteElo "1908"]
[BlackElo "1715"]
[PlyCount "53"]
[EventDate "2015.10.12"]
[EventType "swiss"]
[EventRounds "8"]
[EventCountry "DOM"]
[SourceTitle "CBM 169 Extra"]
[Source "ChessBase"]
[SourceDate "2015.12.18"]
[SourceVersion "1"]
[SourceVersionDate "2015.12.18"]
[SourceQuality "1"]

1. Nf3 Nf6 2. b3 g6 3. Bb2 Bg7 4. d4 d5 5. e3 0-0 6. Bd3 Nc6 7. a3 Re8 8. h3 e5 9. dxe5 Nd7 10. 0-0 Ndxe5 11. Nxe5 Nxe5 12. Nc3 Nxd3 13. cxd3 d4 14. Ne4 Bf5 15. Qc2 dxe3 16. Bxg7 Bxe4 17. Qb2 Re6 18. dxe4 f6 19. Bh6 exf2+ 20. Qxf2 Qd3 21. e5 f5 22. Qb2 Rae8 23. Rad1 Qb5 24. Rfe1 Qc5+ 25. Kh1 Rxe5 26. Re2 Qe7 27. Rde1 1-0

[Event "Santo Domingo Summer op"]
[Site "Santo Domingo"]
[Date "2015.07.18"]
[Round "3"]
[White "Toro Rojas, Freddy Alberto"]
[Black "Rosario Tejada, Angel Jose"]
[Result "1/2-1/2"]
[WhiteElo "1957"]
[BlackElo "1637"]
[PlyCount "89"]
[EventDate "2015.07.17"]
[EventType "swiss"]
[EventRounds "8"]
[EventCountry "DOM"]
[SourceTitle "EXT 2016"]
[Source "ChessBase"]
[SourceDate "2015.10.08"]
[SourceVersion "1"]
[SourceVersionDate "2015.10.08"]
[SourceQuality "1"]

1. d4 d5 2. Nf3 Nf6 3. g3 c5 4. Bg2 cxd4 5. Nxd4 e5 6. Nf3 Nc6 7. 0-0 Be7 8. Bg5 h6 9. Bxf6 Bxf6 10. c3 Be6 11. e3 0-0 12. Nbd2 Qb6 13. Qb3 Qc7 14. Qa4 b5 15. Qd1 Rad8 16. Nb3 Ne7 17. Qd2 a5 18. Rac1 a4 19. Na1 Nc6 20. Nc2 Na5 21. Nb4 Nc4 22. Qe2 Bg4 23. h3 Be6 24. Rfd1 Rd6 25. e4 dxe4 26. Qxe4 Nxb2 27. Rxd6 Qxd6 28. Re1 Nc4 29. Bf1 Re8 30. h4 g6 31. g4 Nd2 32. Nxd2 Qxd2 33. Bxb5 Rd8 34. h5 Bxg4 35. hxg6 Qg5 36. gxf7+ Kxf7 37. Qg2 e4 38. Bxa4 Bxc3 39. Rxe4 Rd4 40. Bb3+ Kg6 41. Rxd4 Bxd4 42. Nd5 Qc1+ 43. Kh2 Be5+ 44. f4 Bxf4+ 45. Nxf4+ 1/2-1/2